<?xml version="1.0" encoding="UTF-8"?><marc:collection xmlns:marc="http://www.loc.gov/MARC21/slim">
  <marc:record>
    <marc:leader>00000nam##2200000za#4500</marc:leader>
    <marc:controlfield tag="001">9.571003</marc:controlfield>
    <marc:controlfield tag="003">CaOODSP</marc:controlfield>
    <marc:controlfield tag="005">20210624182519</marc:controlfield>
    <marc:controlfield tag="007">cr |||||||||||</marc:controlfield>
    <marc:controlfield tag="008">150406|2005||||xxc|||||o    f|0| 0 eng|d</marc:controlfield>
    <marc:datafield tag="040" ind1=" " ind2=" ">
      <marc:subfield code="a">CaOODSP</marc:subfield>
      <marc:subfield code="b">eng</marc:subfield>
    </marc:datafield>
    <marc:datafield tag="043" ind1=" " ind2=" ">
      <marc:subfield code="a">n-cn---</marc:subfield>
    </marc:datafield>
    <marc:datafield tag="086" ind1="1" ind2=" ">
      <marc:subfield code="a">YC32-0/381-19E-PDF</marc:subfield>
    </marc:datafield>
    <marc:datafield tag="110" ind1="1" ind2=" ">
      <marc:subfield code="a">Canada. </marc:subfield>
      <marc:subfield code="b">Parliament. </marc:subfield>
      <marc:subfield code="b">Senate. </marc:subfield>
      <marc:subfield code="b">Standing Committee on Human Rights.</marc:subfield>
    </marc:datafield>
    <marc:datafield tag="245" ind1="1" ind2="0">
      <marc:subfield code="a">Who's in charge here? : </marc:subfield>
      <marc:subfield code="h">[electronic resource]</marc:subfield>
      <marc:subfield code="b">effective implementation of Canada's international obligations with respect to the rights of children / </marc:subfield>
      <marc:subfield code="c">The Honourable Raynell Andreychuk, chair ; the Honourable Landon Pearson, deputy chair. </marc:subfield>
    </marc:datafield>
    <marc:datafield tag="246" ind1="3" ind2=" ">
      <marc:subfield code="a">Interim report Standing Senate Committee on Human Rights</marc:subfield>
    </marc:datafield>
    <marc:datafield tag="260" ind1=" " ind2=" ">
      <marc:subfield code="a">Ottawa - Ontario : </marc:subfield>
      <marc:subfield code="b">Senate. </marc:subfield>
      <marc:subfield code="c">November 2005.</marc:subfield>
    </marc:datafield>
    <marc:datafield tag="300" ind1=" " ind2=" ">
      <marc:subfield code="a">218p.</marc:subfield>
      <marc:subfield code="b">references</marc:subfield>
    </marc:datafield>
    <marc:datafield tag="490" ind1="1" ind2=" ">
      <marc:subfield code="a">Report of the Standing Senate Committee on Human Rights</marc:subfield>
      <marc:subfield code="v">[38th Parliament, 1st Session, 19th report]</marc:subfield>
    </marc:datafield>
    <marc:datafield tag="590" ind1=" " ind2=" ">
      <marc:subfield code="a">11-12-Supp</marc:subfield>
      <marc:subfield code="b">2011-07-29</marc:subfield>
    </marc:datafield>
    <marc:datafield tag="775" ind1="0" ind2="8">
      <marc:subfield code="t">Qui dirige, ici? : </marc:subfield>
      <marc:subfield code="w">(CaOODSP)9.601646</marc:subfield>
    </marc:datafield>
    <marc:datafield tag="830" ind1="#" ind2="0">
      <marc:subfield code="a">Report of the Standing Senate Committee on Human Rights ;</marc:subfield>
      <marc:subfield code="v">[38th Parliament, 1st Session, 19th report]</marc:subfield>
      <marc:subfield code="w">(CaOODSP)9.505251</marc:subfield>
    </marc:datafield>
    <marc:datafield tag="856" ind1="4" ind2="0">
      <marc:subfield code="a">http://publications.gc.ca</marc:subfield>
      <marc:subfield code="q">PDF</marc:subfield>
      <marc:subfield code="s">790 KB</marc:subfield>
      <marc:subfield code="u">https://publications.gc.ca/collections/collection_2011/sen/yc32-0/YC32-0-381-19-eng.pdf</marc:subfield>
      <marc:subfield code="y">[38th Parliament, 1st Session, 19th report]</marc:subfield>
    </marc:datafield>
  </marc:record>
</marc:collection>
